All Miley Cyrus Songs - Statistics

General Stats
  • This quiz has been taken 295 times
    68 since last reset
  • The average score is 48 of 177
Answer Stats
Album Song % Correct
Endless Summer Vacation Flowers
93%
Bangerz Wrecking Ball
85%
Bangerz We Can't Stop
74%
Younger Now Malibu
72%
The Time of Our Lives The Climb
72%
The Time of Our Lives Party in the U.S.A.
67%
Can't Be Tamed Can't Be Tamed
65%
Hannah Montana The Best of Both Worlds
61%
Endless Summer Vacation You
61%
Bangerz Adore You
59%
Younger Now Younger Now
52%
Single #4 Used To Be Young
50%
Plastic Hearts Angels Like You
48%
Plastic Hearts Prisoner
48%
Charlie's Angels: Original Motion Picture Soundtrack Don't Call Me Angel
46%
Hannah Montana 2: Meet Miley Cyrus See You Again
46%
Breakout 7 Things
44%
Plastic Hearts Midnight Sky
44%
She Is Coming Mother's Daughter
44%
Bangerz SMS (Bangerz)
44%
Endless Summer Vacation Jaded
43%
Single #5 Doctor (Work It Out)
41%
Breakout Fly on the Wall
41%
Breakout Breakout
39%
Endless Summer Vacation River
39%
Single #3 Slide Away
39%
Hannah Montana: The Movie You'll Always Find Your Way Back Home
39%
Hannah Montana: The Movie Butterfly Fly Away
37%
Miley Cyrus & Her Dead Petz F**kin F**ked Up
37%
Hannah Montana: The Movie Hoedown Throwdown
37%
Plastic Hearts Plastic Hearts
37%
Miley Cyrus & Her Dead Petz Dooo It!
35%
Bangerz FU
35%
The Time of Our Lives When I Look at You
35%
Can't Be Tamed Who Owns My Heart
35%
Plastic Hearts Heart of Glass
33%
Hannah Montana 2: Meet Miley Cyrus Nobody's Perfect
33%
Can't Be Tamed Every Rose Has Its Thorn
31%
Hannah Montana 2: Meet Miley Cyrus Rock Star
31%
The Time of Our Lives The Time of Our Lives
31%
Bangerz 4x4
30%
She Is Coming D.R.E.A.M.
30%
Endless Summer Vacation Muddy Feet
30%
Hannah Montana 2: Meet Miley Cyrus Start All Over
30%
Plastic Hearts Bad Karma
28%
Bangerz Do My Thang
28%
Endless Summer Vacation Handstand
28%
Hannah Montana If We Were a Movie
28%
Endless Summer Vacation Island
28%
Hannah Montana: The Movie Let's Get Crazy
28%
Can't Be Tamed Liberty Walk
28%
Plastic Hearts Never Be Me
28%
Endless Summer Vacation Rose Colored Lenses
28%
Endless Summer Vacation Wonder Woman
28%
She Is Coming Cattitude
26%
Plastic Hearts Golden G String
26%
Hannah Montana I Got Nerve
26%
Hannah Montana 2: Meet Miley Cyrus I Miss You
26%
Younger Now Inspired
26%
Plastic Hearts Night Crawling
26%
Miley Cyrus & Her Dead Petz Pablow the Blowfish
26%
Can't Be Tamed Robot
26%
Miley Cyrus & Her Dead Petz Space Bootz
26%
Can't Be Tamed Stay
26%
Hannah Montana This Is the Life
26%
Endless Summer Vacation Thousand Miles
26%
Hannah Montana 2: Meet Miley Cyrus True Friend
26%
Miley Cyrus & Her Dead Petz Twinkle Song
26%
Endless Summer Vacation Violet Chemistry
26%
Hannah Montana Who Said
26%
Plastic Hearts WTF Do I Know
26%
Miley Cyrus & Her Dead Petz BB Talk
24%
Bangerz Drive
24%
Plastic Hearts High
24%
Miley Cyrus & Her Dead Petz Karen Don't Be Sad
24%
Hannah Montana: The Movie Let's Do This
24%
Bangerz Love Money Party
24%
Can't Be Tamed Permanent December
24%
Hannah Montana The Other Side of Me
24%
Can't Be Tamed Two More Lonely People
24%
She Is Coming Unholy
24%
Endless Summer Vacation Wildcard
24%
Younger Now Bad Mood
22%
Miley Cyrus & Her Dead Petz Bang Me Box
22%
Hannah Montana 2: Meet Miley Cyrus Bigger Than Us
22%
Breakout Bottom of the Ocean
22%
Hannah Montana: The Movie Don't Walk Away
22%
Can't Be Tamed Forgiveness and Love
22%
Plastic Hearts Gimme What I Want
22%
Breakout Girls Just Wanna Have Fun
22%
Hannah Montana Just Like You
22%
Hannah Montana 2: Meet Miley Cyrus Life's What You Make It
22%
Miley Cyrus & Her Dead Petz Lighter
22%
Hannah Montana 2: Meet Miley Cyrus Old Blue Jeans
22%
Hannah Montana 2: Meet Miley Cyrus One in a Million
22%
Disneymania 5 Part of Your World
22%
She Is Coming Party Up the Street
22%
Younger Now Rainbowland
22%
Bangerz Rooting for My Baby
22%
Can't Be Tamed Scars
22%
Younger Now Week Without You
22%
Miley Cyrus & Her Dead Petz 1 Sun
20%
Hannah Montana 2: Meet Miley Cyrus As I Am
20%
Hannah Montana 2: Meet Miley Cyrus East Northumberland High
20%
Plastic Hearts Edge of Midnight
20%
Miley Cyrus & Her Dead Petz Fweaky
20%
Bangerz #GETITRIGHT
20%
Hannah Montana 2: Meet Miley Cyrus G.N.O. (Girl's Night Out)
20%
Breakout Goodbye
20%
Bangerz Hands in the Air
20%
Plastic Hearts Hate Me
20%
Miley Cyrus & Her Dead Petz I Get So Scared
20%
Bolt (Soundtrack) I Thought I Lost You
20%
Younger Now I Would Die for You
20%
The Time of Our Lives Kicking and Screaming
20%
Hannah Montana 2: Meet Miley Cyrus Let's Dance
20%
Hannah Montana 2: Meet Miley Cyrus Make Some Noise
20%
Bangerz Maybe You're Right
20%
Miley Cyrus & Her Dead Petz Milky Milky Milk
20%
Younger Now Miss You So Much
20%
Bangerz My Darlin'
20%
Breakout Simple Song
20%
Bangerz Someone Else
20%
Hannah Montana: The Movie Spotlight
20%
Can't Be Tamed Take Me Along
20%
Miley Cyrus & Her Dead Petz Tangerine
20%
Breakout The Driveway
20%
Hannah Montana: The Movie The Good Life
20%
She Is Coming The Most
20%
Breakout These Four Walls
20%
Younger Now Thinkin'
20%
Hannah Montana 2: Meet Miley Cyrus We Got the Party
20%
Plastic Hearts Zombie
20%
The Time of Our Lives Before the Storm
19%
Hannah Montana 2: Meet Miley Cyrus Clear
19%
Miley Cyrus & Her Dead Petz Cyrus Skies
19%
Miley Cyrus & Her Dead Petz Evil Is but a Shadow
19%
Breakout Full Circle
19%
Hannah Montana 2: Meet Miley Cyrus Good and Broken
19%
Miley Cyrus & Her Dead Petz I Forgive Yiew
19%
Miley Cyrus & Her Dead Petz I'm So Drunk
19%
Younger Now Love Someone
19%
Miley Cyrus & Her Dead Petz Miley Tibetan Bowlzzz
19%
Can't Be Tamed My Heart Beats for Love
19%
The Time of Our Lives Obsessed
19%
Bangerz On My Own
19%
Hannah Montana Pumpin' Up the Party
19%
Home at Last Ready, Set, Don't Go
19%
Hannah Montana 2: Meet Miley Cyrus Right Here
19%
Younger Now She's Not Him
19%
Miley Cyrus & Her Dead Petz Slab of Butter (Scorpion)
19%
Miley Cyrus & Her Dead Petz Something About Space Dude
19%
The Time of Our Lives Talk Is Cheap
19%
Miley Cyrus & Her Dead Petz The Floyd Song (Sunrise)
19%
Miley Cyrus & Her Dead Petz Tiger Dreams
19%
Breakout Wake Up America
19%
Hannah Montana: The Movie What's Not to Like
19%
Hannah Montana 2: Meet Miley Cyrus You and Me Together
19%
Hannah Montana I Learned from You
17%
Charity Single Send It On
17%
Disneymania 4 Zip-a-Dee-Doo-Dah
17%
Revamp & Restoration Don't Let the Sun Go Down on Me
13%
Promo Single Hands of Love
13%
Promo Single #2 Happy Xmas (War Is Over)
13%
Breakout Hovering
13%
Single #2 On a Roll
13%
All Wrapped Up Santa Claus Is Comin' to Town
13%
Spotify Singles - Holiday Sleigh Ride
13%
The Last Song: Original Soundtrack I Hope You Find It
11%
Single Real and True
11%
Hannah Montana Rockin' Around the Christmas Tree
11%
Breakout Someday
11%
Revamp & Restoration The B***h Is Back
11%
Spotify Singles Wildflowers
11%
Chimes of Freedom: The Songs of Bob Dylan Honoring 50 Years of Amnesty International You're Gonna Make Me Lonesome When You Go
11%
Miley Cyrus: Live from London I Love Rock 'n' Roll
6%
Miley Cyrus: Live from London This Is How We Roll
4%
No matching quizzes found
Score Distribution
Percent of People with Each Score
Percentile by Number Answered
Your Score History
You have not taken this quiz since the last reset